000 00759cam a2200253 i 4500
008 210723t20222022caua b 001 0 eng d
020 _a9781529742817
020 _a1529742811
020 _a9781529742800
020 _a1529742803
050 0 0 _aHF5415.1265
_b.H35775 2022
082 0 4 _a658.87202854
100 1 _aHanlon, Annmarie,
245 1 0 _aDigital marketing :
_bstrategic planning & integration /
_cAnnmarie Hanlon.
250 _aSecond edition.
260 _aLondon
_bSAGE
_c2022
300 _axvii, 454 pages :
_billustrations (chiefly color) ;
500 _aOriginally published: 2019.
650 0 _aInternet marketing.
650 6 _aMarketing sur Internet.
650 7 _aInternet marketing.
650 7 _aInternet marketing
942 _cBK
999 _c3295
_d3295